000 00471nam a2200169 a 4500
005 20140412111315.0
008 010125s19uu xx 00 eng d
020 _a0-7214-0873-7
050 _aER
_bWi63 1985
245 _aWinnie the Pooh and the bluster day.
260 _aLeicestershire, England :
_bLadybird Books Ltd,
_c1985.
300 _a43 p. ; ill. ; col.
440 _aDisney
650 _aChildren's Stories -- Fiction
999 _c104198
_d104198